Data Structures Using C & C++ (Record no. 1686)

MARC details
000 -LEADER
fixed length control field 00428nam a2200169Ia 4500
008 - FIXED-LENGTH DATA ELEMENTS--GENERAL INFORMATION
fixed length control field 221030s9999 xx 000 0 und d
020 ## - INTERNATIONAL STANDARD BOOK NUMBER
ISBN 8120311779
041 ## - LANGUAGE CODE
Language code of text/sound track or separate title
082 ## - DEWEY DECIMAL CLASSIFICATION NUMBER
Classification number 105.23
Item number Lan
100 ## - MAIN ENTRY--AUTHOR NAME
Personal name Y. Langsam
245 #0 - TITLE STATEMENT
Title Data Structures Using C & C++
Statement of responsibility, etc by Y. Langsam, M. J. Augenstein
260 ## - PUBLICATION, DISTRIBUTION, ETC. (IMPRINT)
Name of publisher PHI
Place of publication New Delhi
Year of publication 2001
300 ## - PHYSICAL DESCRIPTION
Number of Pages 672
650 ## - SUBJECT ADDED ENTRY--TOPICAL TERM
Topical Term BE Computer
700 ## - ADDED ENTRY--PERSONAL NAME
Personal name M. J. Augenstein
942 ## - ADDED ENTRY ELEMENTS (KOHA)
Koha item type Books
Holdings
Accession Number Cost, normal purchase price Full call number Price effective from Koha item type Withdrawn / writtenoff status Materials specified (bound volume or other part) Damaged status Not for loan Permanent Location Current Location Shelving location Date acquired Lost/ Missing status department
BE 4728 250.00 105.23 Lan 10/30/2022 Books   Print     MIET Library, Jammu MIET Library, Jammu BL-Academic Block - A, FL-1, CUP-90, SH-3, R-3 01/15/2002   BE
BE 4730 250.00 105.23 Lan 10/30/2022 Books   Print     MIET Library, Jammu MIET Library, Jammu BL-Academic Block C, FL-2, CUP-90, SH-3, R-3 01/15/2002   BE
BE 4481 250.00 105.23 Lan 10/30/2022 Books   Print     MIET Library, Jammu MIET Library, Jammu BL-Academic Block - A, FL-1, CUP-90, SH-3, R-3 12/27/2001   BE